000 00746nam a2200229 a 4500
001 000044835
005 20240530073923.0
008 150114s2014 dr 000 0 spa d
020 _a9789945589177
040 _aDO-SdBNP
_bspa
_cBNPHU
082 _aRD863.44
_bG277a, 2014
100 _aGautier, Manuel Salvador,
_d1930-2021
_929016
245 1 3 _aUn árbol para esconder mariposas /
_cManuel Salvador Gautier.
250 _a2a ed.
260 _aSanto Domingo :
_bSantuario,
_c2014.
300 _a122 p. ;
_c23 cm.
500 _aIncluye datos biográficos del autor en las solapas
590 _aInventariado, 2020/BT
650 0 _aNovela dominicana
_9223
650 0 _aLiteratura dominicana.
_967
910 _aValidado. Control de calidad MFF
999 _c44324
_d44324